Normal view
MARC view
- Syed Sheharyar Anwar
Entry Personal Name
001 - CONTROL NUMBER
- control field: 84388
003 - CONTROL NUMBER IDENTIFIER
- control field: NUST
005 - DATE AND TIME OF LATEST TRANSACTION
- control field: 20211117140131.0
008 - FIXED-LENGTH DATA ELEMENTS
- fixed length control field: 211117|| aca||aabn | a|a d
040 ## - CATALOGING SOURCE
- Original cataloging agency: NUST
- Transcribing agency: NUST
100 ## - HEADING--PERSONAL NAME
- Personal name: Syed Sheharyar Anwar
670 ## - SOURCE DATA FOUND
- Source citation: Work cat.: (NUST): Syed Sheharyar Anwar, TH-SOF-1888-3D Reconstruction from 2D DICOM Images with an Interactive GUI, 2021.
